Disney Princess enchanted character guide / (Record no. 408567)
[ view plain ]
| 000 -LEADER | |
|---|---|
| fixed length control field | 02121nam a2200457 i 4500 |
| 001 - CONTROL NUMBER | |
| control field | in902987524 |
| 003 - CONTROL NUMBER IDENTIFIER | |
| control field | Ingram |
| 005 - DATE AND TIME OF LATEST TRANSACTION | |
| control field | 20250604170626.0 |
| 008 - FIXED-LENGTH DATA ELEMENTS--GENERAL INFORMATION | |
| fixed length control field | 250507s2025 nyua c 000 0 eng d |
| 020 ## - INTERNATIONAL STANDARD BOOK NUMBER | |
| International Standard Book Number | 9780593964354 |
| Qualifying information | (hbk.) |
| 035 ## - SYSTEM CONTROL NUMBER | |
| System control number | (OCoLC)1518717420 |
| 040 ## - CATALOGING SOURCE | |
| Original cataloging agency | TnLvILS |
| Language of cataloging | eng |
| Description conventions | rda |
| Transcribing agency | TnLvILS |
| 043 ## - GEOGRAPHIC AREA CODE | |
| Geographic area code | n-us--- |
| 082 04 - DEWEY DECIMAL CLASSIFICATION NUMBER | |
| Classification number | 791.43/34 |
| Edition number | 23/eng/20250507 |
| 092 ## - LOCALLY ASSIGNED DEWEY CALL NUMBER (OCLC) | |
| Classification number | junior nonfiction |
| Item number | J 791.43 Saunders |
| 100 1# - MAIN ENTRY--PERSONAL NAME | |
| Personal name | Saunders, Catherine, |
| Relator term | author. |
| 9 (RLIN) | 5779742 |
| 245 10 - TITLE STATEMENT | |
| Title | Disney Princess enchanted character guide / |
| Statement of responsibility, etc | written by Catherine Saunders and Beth Landis Hester. |
| 246 30 - VARYING FORM OF TITLE | |
| Title proper/short title | Enchanted character guide. |
| 250 ## - EDITION STATEMENT | |
| Edition statement | Updated edition, American edition. |
| 264 #1 - Production, Publication, Distribution, Manufacture, and Copyright Notice. | |
| Place of production, publication, distribution, manufacture | New York, NY : |
| Name of producer, publisher, distributor, manufacturer | DK Publishing, |
| Date of production, publication, distribution, manufacture, or copyr | 2025. |
| 300 ## - PHYSICAL DESCRIPTION | |
| Extent | 207 pages : |
| Other physical details | color illustrations ; |
| Dimensions | 29 cm. |
| 336 ## - Content Type | |
| Content type term | text |
| 336 ## - Content Type | |
| Content type term | still image |
| 337 ## - Media type | |
| Media type term | unmediated |
| 338 ## - Carrier type | |
| Carrier type term | volume |
| 490 1# - SERIES STATEMENT | |
| Series statement | Disney Princess. |
| 500 ## - GENERAL NOTE | |
| General note | Originally published in 2014. |
| 505 0# - FORMATTED CONTENTS NOTE | |
| Formatted contents note | Snow White and the seven dwarfs -- Cinderella -- Sleeping Beauty -- The Little Mermaid -- Beauty and the Beast -- Aladdin -- Pocahontas -- Mulan -- The Princess and the Frog -- Tangled -- Brave -- Moana -- Moana 2 -- Raya and the last dragon. |
| 520 ## - SUMMARY, ETC. | |
| Summary, etc | "Step into the fairy-tale world of Disney's amazing Princesses! Jump into adventures with Moana, dance with Cinderella at the ball, and join Jasmine on her magic carpet ride as you discover, learn, and marvel at everything you need to know about these beloved characters."--Provided by publisher. |
| 650 #0 - SUBJECT ADDED ENTRY--TOPICAL TERM | |
| Topical term or geographic name as entry element | Disney characters |
| Form subdivision | Juvenile literature. |
| 9 (RLIN) | 5712585 |
| 650 #0 - SUBJECT ADDED ENTRY--TOPICAL TERM | |
| Topical term or geographic name as entry element | Princesses |
| Form subdivision | Juvenile literature. |
| 9 (RLIN) | 5709814 |
| 650 #0 - SUBJECT ADDED ENTRY--TOPICAL TERM | |
| Topical term or geographic name as entry element | Fairy tales. |
| 650 #0 - SUBJECT ADDED ENTRY--TOPICAL TERM | |
| Topical term or geographic name as entry element | Cartoon characters |
| Geographic subdivision | United States |
| Form subdivision | Juvenile literature. |
| 9 (RLIN) | 6452834 |
| 650 #1 - SUBJECT ADDED ENTRY--TOPICAL TERM | |
| Topical term or geographic name as entry element | Disney characters. |
| 650 #1 - SUBJECT ADDED ENTRY--TOPICAL TERM | |
| Topical term or geographic name as entry element | Princesses. |
| 650 #1 - SUBJECT ADDED ENTRY--TOPICAL TERM | |
| Topical term or geographic name as entry element | Fairy tales. |
| 650 #1 - SUBJECT ADDED ENTRY--TOPICAL TERM | |
| Topical term or geographic name as entry element | Cartoon characters. |
| 700 1# - ADDED ENTRY--PERSONAL NAME | |
| Personal name | Hester, Beth Landis, |
| Relator term | author. |
| 9 (RLIN) | 5937113 |
| 830 #0 - SERIES ADDED ENTRY--UNIFORM TITLE | |
| Uniform title | Disney princess (Dorling Kindersley, Inc.) |
| 9 (RLIN) | 6403813 |
| 942 ## - ADDED ENTRY ELEMENTS (KOHA) | |
| Source of classification or shelving scheme | Dewey Decimal Classification |
| Koha item type | BOOK |
| Withdrawn status | Lost status | Source of classification or shelving scheme | Damaged status | Not for loan | Collection code | Home library | Current library | Shelving location | Date acquired | Source of acquisition | Total Checkouts | Total Renewals | Full call number | Barcode | Checked out | Date last seen | Date checked out | Cost, replacement price | Price effective from | Koha item type |
|---|---|---|---|---|---|---|---|---|---|---|---|---|---|---|---|---|---|---|---|---|
| Dewey Decimal Classification | Junior NonFiction | Wasatch County Library | Wasatch County Library | Second Floor | 06/04/2025 | 4 | 4 | J 791.43 Saunders | 34301002156927 | 03/07/2026 | 01/07/2026 | 01/07/2026 | 24.99 | 06/04/2025 | BOOK |
